L' humanisme politique de Saint Thomas d'Aquin. Individu et état
Guardat en:
| Autor principal: | |
|---|---|
| Format: | Llibre |
| Idioma: | francès |
| Publicat: |
París
Sirey
1964
|
| Matèries: | |
| Etiquetes: |
Afegir etiqueta
Sense etiquetes, Sigues el primer a etiquetar aquest registre!
|
MARC
| LEADER | 00000nam a2200000 a 4500 | ||
|---|---|---|---|
| 001 | UCS8376 | ||
| 003 | CL-VaPUC | ||
| 008 | 971031e19640000FR |||||||||||||||||fre|d | ||
| 082 | 0 | 4 | |a 320.01 |b LAC |2 21 |
| 100 | |a Lachance, Louis |e author |9 395095 | ||
| 245 | 1 | 3 | |a L' humanisme politique de Saint Thomas d'Aquin. Individu et état |
| 300 | |a 398 p | ||
| 942 | |c BK | ||
| 945 | |d 19971031 00:00:00 |a aolguin | ||
| 260 | |a París |b Sirey |c 1964 | ||
| 600 | 0 | |a Tomás de Aquino |d 1220-1274 |c Santo |9 255832 | |
| 650 | 7 | |a FILOSOFIA POLITICA |2 CL-VaPUC |9 393199 | |
| 650 | 0 | |a Estado |9 255503 | |
| 650 | 0 | |a Estado y sociedad |9 345536 | |
| 650 | 7 | |a HOMBRE |2 CL-VaPUC |9 262149 | |
| 650 | 0 | |a Humanismo |9 256530 | |
| 650 | 7 | |a PENSAMIENTOS |2 CL-VaPUC |9 378316 | |
| 583 | |a last modification |c 19971031 00:00:00 |k Rodrigo Vera | ||
| 999 | |c 262807 |d 262805 | ||
| 952 | |0 0 |1 0 |4 0 |6 320_010000000000000_LAC_1964 |7 0 |8 DER_TF |9 291703 |a BIBDER |b BIBDER |d 2019-11-19 |i 1889931 |o 320.01 LAC 1964 |p 1889931 |r 2023-01-25 |w 2019-11-19 |x Ubicación 4to Piso |y BK |z Estos recursos deben solicitarse con anticipación |k DER | ||